00610nam a22002057a 4500008004100000020003100041020002800072041000800100080001200108100002800120245008200148250001200230260004100242300003600283650001200319650001400331650001400345700001900359700002600378151001b xxu||||| |||| 00| 0 eng d a9780073530635 (alk. paper) a0073530638 (alk. paper)0 aeng a336 KAP1 a0073530638 (alk. paper)10aFocus on personal finance :cJack R. Kapoor, Les R. Dlabay, Robert J. Hughes. a2nd ed. aBoston :bMcGraw-Hill/Irwin,cc2008. axxiv, 504 f. :bme il.;c28 cm. 0aFinanca 0aPersonale 0aInvestime1 aDlabay, Les R.1 aHughes, Robert James,